| 000 | 01286cam a2200337 i 4500 | ||
|---|---|---|---|
| 001 | 19901282 | ||
| 003 | EG-ScBUE | ||
| 005 | 20240305133132.0 | ||
| 008 | 170815s2018 nyu f b 001 0 eng d | ||
| 020 | _a9780813350790 (trade paperback) | ||
| 040 |
_aDLC _beng _erda _cDLC _dDLC _dEG-ScBUE |
||
| 043 | _an-us--- | ||
| 082 | 0 | 4 |
_a324.70973 _222 _bSHA |
| 100 | 1 |
_aShaw, Catherine M. _q(Catherine Marie), _d1955- _eauthor. |
|
| 245 | 1 | 4 |
_aThe campaign manager : _brunning and winning local elections / _cCatherine Shaw. |
| 250 | _aSixth Edition. | ||
| 264 | 1 |
_aNew York : _bRoutledge, Taylor & Francis Group, _c2018. |
|
| 300 |
_axiv, 337 pages ; _c24 cm |
||
| 336 |
_atext _btxt _2rdacontent |
||
| 337 |
_aunmediated _bn _2rdamedia |
||
| 338 |
_avolume _bnc _2rdacarrier |
||
| 504 | _aIncludes bibliographical references and index. | ||
| 650 | 7 |
_aLocal elections _zUnited States _vHandbooks, manuals, etc. _2BUEsh |
|
| 650 | 7 |
_aCampaign management _zUnited States _vHandbooks, manuals, etc. _2BUEsh |
|
| 653 |
_cMarch2024 _bBUSBOL |
||
| 655 | _vReading book | ||
| 906 |
_a7 _bcbc _corignew _d1 _eecip _f20 _gy-gencatlg |
||
| 942 |
_2ddc _cBB |
||
| 999 |
_c30693 _d30664 |
||